COMPANY ACCOUNTING (Record no. 9236)
[ view plain ]
| 000 -LEADER | |
|---|---|
| fixed length control field | 00566nam a22001697a 4500 |
| 003 - CONTROL NUMBER IDENTIFIER | |
| control field | SGT |
| 020 ## - INTERNATIONAL STANDARD BOOK NUMBER | |
| International Standard Book Number | 9788190426961 |
| 082 ## - DEWEY DECIMAL CLASSIFICATION NUMBER | |
| Classification number | 657,SIN |
| 100 ## - MAIN ENTRY--PERSONAL NAME | |
| Personal name | SINGHAL,A.K |
| 245 ## - TITLE STATEMENT | |
| Title | COMPANY ACCOUNTING |
| 250 ## - EDITION STATEMENT | |
| Edition statement | 1ST |
| 260 ## - PUBLICATION, DISTRIBUTION, ETC. (IMPRINT) | |
| Place of publication, distribution, etc | NEW DELHI |
| Name of publisher, distributor, etc | JBC PUBLISHERS & DISTRIBUTERS |
| Year of Publication | 2008 |
| 300 ## - PAGE DESCRIPTION | |
| No. of Pages | V.P |
| 650 ## - SUBJECT ADDED ENTRY--TOPICAL TERM | |
| Topical term or geographic name as entry element | ACCOUNTING |
| 653 ## - KEYWORDS--INDEX TERM | |
| Keyword term | MEANING OF A COMPANY, TYPES OF COMPANIES, CORPORATE ACCOUNTING, MEANING OF SHARE, TYPES OF SHARE, SEBI GUIDELINES ON ISSUE OF SHARE, ENTRIES ON ISSUE OF SHARE, ENTRIES ON ISSUE OF SHARE, FORFEITURE OF SHARE, |
| 942 ## - ADDED ENTRY ELEMENTS (KOHA) | |
| Source of classification or shelving scheme | Dewey Decimal Classification |
| Koha item type | FCM Books |
| Withdrawn status | Lost status | Source of classification or shelving scheme | Damaged status | Not for loan | Collection code | Home library | Current library | Shelving location | Date acquired | Vendor Name | Cost, normal purchase price | SGTU | Total Checkouts | Full call number | Accession No. (Barcode) | Date last seen | Date last borrowed | Bill Date | Koha item type |
|---|---|---|---|---|---|---|---|---|---|---|---|---|---|---|---|---|---|---|---|
| Dewey Decimal Classification | COMMERCE MANAGEMENT | SGT Science & Social Sciences Library | SGT Science & Social Sciences Library | On Display | 25/06/2016 | GIFT | 290.00 | SGTU | 3 | 657,SIN | CM244 | 03/03/2020 | 03/03/2020 | 25/06/2016 | FCM Books |